| 000 | 00656cab a22001935a 4500 | ||
|---|---|---|---|
| 001 | L144109 | ||
| 008 | 080619e20080614xxko f 000 0 eng d | ||
| 035 | _a(Sirsi) u144109 | ||
| 041 | 0 | _aeng | |
| 100 | 1 | _aBanks, David | |
| 245 | 0 | 0 | _aMassacre on the homefront |
| 260 | _c2008 | ||
| 490 | 0 |
_aEstates Gazette _v(823) 14 June 2008, 72-75(4) |
|
| 520 | _aReports from South London on how the area's estate agents are struggling to cope with the lowest level of house sales since 1978. Reviews the market situation and outlook. | ||
| 590 | _aKA | ||
| 651 | 4 | _aLondon | |
| 690 | _aPROPERTY-RESIDENTIAL PROPERTY-RESIDENTIAL PROPERTY MARKET | ||
| 942 | _n0 | ||
| 999 |
_c80344 _d80344 |
||